000 00327nam a22001337a 4500
020 _a81-7391-585-7
082 _a158
_bSIN/C
100 _aSINGH, AMARJIT
245 _aCLASSROOM MANAGEMENT
_bA REFLECTIVE PERSPECTIVE
260 _aDELHI
_bKANISHKA PUBLISHERS
_c2003
300 _a225
650 _aEDUCATIONAL
_zINDIA
942 _cBK
999 _c5427
_d5427